000 00332nam a2200133Ia 4500
005 20260326100028.0
008 260326s9999||||xx |||||||||||||| ||und||
100 _aPérez Montas, Eugenio
245 0 _aBiografía de un Monumento /
_cEugenio Pérez Montas
260 _bCaspe
300 _a127 p.
650 _aURBANISMO
942 _cBK
999 _c6502
_d6502